000 01333nkm a2200265 i 4500
001 3898
003 ES-MaACL
005 20250713062842.0
007 khrbo
008 070615s1986 sp --- g |001||spa d
100 0 _aAlfonso,
_d1902-1990
_919858
245 1 3 _aLa importancia cultural e investigadora de la Junta para Ampliación de Estudios e Investigaciones Científicas, analizada a través de sus becarios [
_hFotografía] /
_cAlfonso (sello).
260 _a[S.l. :
_bs.n.],
_c1986.
300 _a2 fot. :
_bb. y n. ;
_c12 x 18 cm.
500 _aDatos basados en invitación.
511 0 _aInterviene: Antonio Jiménez García.
518 _aActo organizado por el Ateneo de Madrid a propuesta de la Sección de Ciencias en colaboración con el Consejo Superior de Investigaciones Científicas, celebrado en la sala de conferencias el jueves, 13 de noviembre de 1986, a las 20:00 h.
600 1 4 _aJiménez García, Antonio.
_966528
610 2 4 _aAteneo de Madrid-
_xActos culturales-
_y1986-
_vFotografías.
_91901
710 2 _aAteneo de Madrid.
_bSección de Ciencias.
_91972
710 2 _aConsejo Superior de Investigaciones Científicas (España)
_93236
852 _aES-MaACL
_jFOT 220/1986
856 4 _uhttp://www.ateneodemadrid.net/biblioteca_digital/imagenes/1986/0220-1986.jpg
_zVer imagen
999 _c3898
_d3898